[Event "Hoogovens-B"]
[Site "Wijk aan Zee"]
[Date "1987.??.??"]
[Round "?"]
[White "Carlier, Bruno"]
[Black "Winants, Luc"]
[Result "1-0"]
[WhiteElo "2360"]
[BlackElo "2415"]

1.e4 c5 2.Nf3 e6 3.d4 cxd4 4.Nxd4 Nc6 5.Nc3 Nf6 6.Ndb5 Bb4 7.a3 Bxc3+ 8.Nxc3 d5
9.exd5 exd5 10.Bd3 d4 11.Ne2 O-O 12.O-O h6 13.h3 a6 14.Bf4 Re8 15.Re1 Qd5
16.Ng3 Bd7 17.Qd2 g5 18.Bc7 b5 19.f4 Rac8 20.fxg5 hxg5 21.Nf5 Re3 22.Nxe3 dxe3
23.Qxe3 Rxc7 24.Rad1 Kf8 25.Rf1 Kg7 26.Bf5 Qxf5 27.Rxf5 Bxf5 28.Rf1 Kg6 29.Qf2 Ne7
30.g4 Rc4 31.gxf5+ Kg7 32.Qg3 g4 33.Rf4 Rxc2 34.hxg4 Ned5 35.Rd4 Rc1+ 36.Kh2 Rc2+
37.Kh3 Re2 38.g5 Nh5 39.f6+ Kg6 40.Qd3+ Kxg5 41.Rxd5+  1-0

[Event "POL-ch (Women)"]
[Site "Wroclaw"]
[Date "1987.??.??"]
[Round "6"]
[White "Kaczmarek, E."]
[Black "Bos Swiecik, Iwona"]
[Result "1-0"]
[WhiteElo "2140"]
[BlackElo "2140"]

1.e4 c5 2.Nf3 e6 3.d4 cxd4 4.Nxd4 Nc6 5.Nc3 a6 6.Nxc6 bxc6 7.e5 d5 8.exd6 Bxd6
9.Ne4 Bb4+ 10.c3 Qxd1+ 11.Kxd1 Be7 12.Be3 f5 13.Nd2 Nf6 14.f3 O-O 15.Kc2 Nd5
16.Bf2 e5 17.Bc4 Be6 18.Rhe1 Bf6 19.Bd4 exd4 20.Rxe6 Kh8 21.Rxc6 Ne3+ 22.Kd3 Nxc4
23.Rxc4 dxc3 24.bxc3 Rad8+ 25.Kc2 Rfe8 26.Kd1 Re3 27.Rc1 h6 28.f4 Kh7 29.Rc6 a5
30.Rc2 Rdd3 31.c4 Rd8 32.Rb6 a4 33.c5 Bc3 34.Rd6 Rde8 35.Rc1 Re1+ 36.Kc2 Rxc1+
37.Kxc1 Bb4 38.Rd5 Rc8 39.Rxf5 Bxc5 40.Kd1 Rd8  1-0

[Event "POL-ch (Women)"]
[Site "Wroclaw"]
[Date "1987.??.??"]
[Round "7"]
[White "Brustman, Agnieszka"]
[Black "Sikora Gizynska, Bozena"]
[Result "1-0"]
[WhiteElo "2335"]
[BlackElo "2155"]

1.e4 c5 2.Nf3 e6 3.d4 cxd4 4.Nxd4 Nc6 5.Nc3 Qc7 6.Be2 a6 7.O-O Nf6 8.Kh1 b5
9.Nxc6 dxc6 10.f4 Bb7 11.e5 Rd8 12.Qe1 Nd5 13.Nxd5 Rxd5 14.c4 Rd7 15.Be3 c5
16.cxb5 axb5 17.Qf2 c4 18.b3 Ba3 19.Qg3 O-O 20.bxc4 bxc4 21.f5 Ra8 22.Bh6 g6
23.fxe6 fxe6 24.Qxa3  1-0

[Event "POL-ch (Women)"]
[Site "Wroclaw"]
[Date "1987.??.??"]
[Round "11"]
[White "Sosnowska, Elzbieta"]
[Black "Sikora Gizynska, Bozena"]
[Result "1/2-1/2"]
[WhiteElo "2065"]
[BlackElo "2155"]

1.e4 c5 2.Nf3 e6 3.d4 cxd4 4.Nxd4 Nc6 5.Nc3 a6 6.Be2 Qc7 7.O-O Nf6 8.Kh1 d6
9.f4 Bd7 10.a4 Be7 11.Be3 b6 12.Nb3 O-O 13.Bf3 Rab8 14.Qe2 Bc8 15.Rfd1 Bb7
16.Rd2 Rfd8 17.Qf2 Ba8 18.g4 Na5 19.g5 Nd7 20.Rdd1 Nc4 21.Bc1 b5 22.axb5 axb5
23.Nd4 b4 24.Nce2 Nc5 25.Ng3 d5 26.exd5 Bxd5 27.Qe2 Qb7 28.Kg2 Rd7 29.b3 Nb6
30.Be3 Rbd8 31.Kf2 Ra8 32.Qb5 Rad8 33.Rd2 Bxf3 34.Nxf3 Nd5 35.Qxb7 Nxb7 36.Ne5 Rc7
37.Nc4 Nxe3 38.Rxd8+ Nxd8 39.Kxe3 f6 40.h4 Bc5+ 41.Kf3 Nc6 42.Ne2 Kf7 43.Ra8 Ne7
44.h5 Rc8 45.Rxc8 Nxc8 46.c3 Ne7 47.cxb4 Bxb4 48.Nd4 Nd5 49.g6+ hxg6 50.hxg6+ Kxg6
51.Nxe6 f5 52.Nd4 Kf6 53.Nc6 Bc3 54.Ne3 Nb6 55.Nd1 Bd2 56.Nb2 g6 57.Nd3 Bc3
58.Ncb4 Ke6 59.Nc2 Nd5 60.Kg3 Kf6  1/2-1/2

[Event "Zenica"]
[Site "Zenica"]
[Date "1987.??.??"]
[Round "?"]
[White "Velimirovic, Dragoljub"]
[Black "Cebalo, Miso"]
[Result "1/2-1/2"]
[WhiteElo "2535"]
[BlackElo "2480"]

1.e4 c5 2.Nf3 e6 3.d4 cxd4 4.Nxd4 Nc6 5.Nc3 Qc7 6.Be2 a6 7.O-O Nf6 8.Kh1 Be7
9.f4 d6 10.b3 b5 11.Bf3 Bb7 12.Bb2 O-O 13.e5 Nxd4 14.Bxb7 Qxb7 15.Qxd4 dxe5
16.fxe5 Rad8 17.Qf2 Nd5 18.Ne4 f5 19.exf6 Nxf6 20.Nxf6+ Bxf6 21.Bxf6  1/2-1/2

[Event "Zenica"]
[Site "Zenica"]
[Date "1987.??.??"]
[Round "?"]
[White "Velimirovic, Dragoljub"]
[Black "Horvath, Jozsef"]
[Result "0-1"]
[WhiteElo "2535"]
[BlackElo "2470"]

1.e4 c5 2.Nf3 e6 3.d4 cxd4 4.Nxd4 Nc6 5.Nc3 Qc7 6.Be2 a6 7.O-O Nf6 8.Kh1 d6
9.f4 Be7 10.Bf3 Bd7 11.g4 h6 12.f5 Ne5 13.h3 g5 14.Bg2 O-O-O 15.Be3 Nc4 16.fxe6 fxe6
17.Qe2 Nxe3 18.Qxe3 h5 19.a4 hxg4 20.Ncb5 Qb6 21.Ra3 axb5 22.Rc3+ Kb8 23.Nc6+ Qxc6
24.axb5 Rxh3+ 25.Bxh3 Qxe4+ 26.Bg2 Qxe3 27.Rxe3 d5 28.Rc3 Bxb5  0-1

[Event "Zenica"]
[Site "Zenica"]
[Date "1987.??.??"]
[Round "?"]
[White "Marjanovic, Slavoljub"]
[Black "Horvath, Jozsef"]
[Result "1-0"]
[WhiteElo "2505"]
[BlackElo "2470"]

1.e4 c5 2.Nf3 e6 3.d4 cxd4 4.Nxd4 Nc6 5.Nc3 Qc7 6.Be2 a6 7.O-O Nf6 8.Kh1 Nxd4
9.Qxd4 Bc5 10.Qd3 h5 11.f4 Ng4 12.Nd1 b5 13.a4 Bb7 14.axb5 axb5 15.Rxa8+ Bxa8
16.Bd2 b4 17.c3 Qb6 18.h3 Nf6 19.Bf3 d5 20.exd5 Bxd5 21.Bxd5 Nxd5 22.f5 O-O
23.fxe6 fxe6 24.Rxf8+ Bxf8 25.Qe2 bxc3 26.Nxc3 Nxc3 27.Bxc3 h4 28.Qc4 Be7
29.Qg4 e5 30.Bxe5 Bf6 31.Bxf6 Qxf6 32.Qc8+ Kh7 33.Qb8 g5 34.Kh2 Qd4 35.b4 g4
36.hxg4 Qxg4 37.b5 Qd4 38.b6 h3 39.Qc7+ Kh6 40.Kxh3 Kh5 41.Qh7+ Kg5 42.Qe7+ Kh5
43.b7 Qg4+ 44.Kh2 Qf4+ 45.Kg1 Qd4+ 46.Kh1  1-0

[Event "Zuerich op"]
[Site "Zuerich"]
[Date "1987.??.??"]
[Round "3"]
[White "Druckenthaner, Andreas"]
[Black "Simon, Ralf Axel"]
[Result "1-0"]
[WhiteElo "2270"]
[BlackElo "2235"]

1.e4 c5 2.Nf3 e6 3.d4 cxd4 4.Nxd4 Nc6 5.Nc3 a6 6.Nxc6 bxc6 7.Bd3 d5 8.O-O Nf6
9.Qe2 Be7 10.b3 O-O 11.Bb2 Re8 12.Kh1 e5 13.Rad1 Bd6 14.h3 a5 15.exd5 cxd5
16.Bb5 d4 17.Bxe8 dxc3 18.Bc6 Ba6 19.Qf3 e4 20.Qxc3 Rc8 21.Ba3 Bxf1 22.Rxd6 Qe7
23.Qxa5 h6 24.Rd1 Qe6 25.Rd8+ Kh7 26.Rxc8 Qxc8 27.Qc5 Be2  1-0

[Event "Zuerich op"]
[Site "Zuerich"]
[Date "1987.??.??"]
[Round "5"]
[White "Tolnai, Tibor"]
[Black "Levrand, R."]
[Result "1-0"]
[WhiteElo "2410"]
[BlackElo "2270"]

1.e4 c5 2.Nf3 e6 3.d4 cxd4 4.Nxd4 Nc6 5.Nc3 Qc7 6.Be3 a6 7.Bd3 Nf6 8.Qe2 Bb4
9.O-O Bxc3 10.bxc3 O-O 11.f4 b5 12.a4 b4 13.Nxc6 Qxc6 14.Bd4 bxc3 15.Bxf6 gxf6
16.Qh5 Kg7 17.Rf3 Rh8 18.Qh4 Qc5+ 19.Kh1 Qd4 20.e5 Bb7 21.Qxf6+  1-0

[Event "Zug"]
[Site "Zug"]
[Date "1987.??.??"]
[Round "1"]
[White "Faure, Mark"]
[Black "Iten, Rene"]
[Result "0-1"]
[WhiteElo "2375"]
[BlackElo "2225"]

1.e4 c5 2.Nf3 Nc6 3.d4 cxd4 4.Nxd4 e6 5.Nc3 Qc7 6.Be2 a6 7.Be3 Nf6 8.O-O Bb4
9.Na4 O-O 10.Nxc6 bxc6 11.c4 Be7 12.Qc2 c5 13.f4 d6 14.Bf3 Bb7 15.Rad1 Rad8
16.g4 Nd7 17.g5 f5 18.Nc3 Nb6 19.b3 g6 20.Bc1 Rfe8 21.exf5 gxf5 22.Bh5 Qc6
23.Nd5 exd5 24.Qxf5 d4 25.Qf7+ Kh8 26.Bf3 d5 27.Rde1 Bf8 28.f5 Qd7 29.Qxd7 Nxd7
30.cxd5 Ne5 31.Bh5 Bxd5 32.f6 Nf3+ 33.Bxf3 Rxe1 34.Rxe1 Bxf3 35.Bf4 Kg8 36.Re6 Bg4
37.Rxa6 d3 38.Bd2 Re8 39.Ra7 Re2 40.Bc3 Be6  0-1

[Event "Zug"]
[Site "Zug"]
[Date "1987.??.??"]
[Round "2"]
[White "Gerber, Richard"]
[Black "Adler, Joel"]
[Result "1-0"]
[WhiteElo "2275"]
[BlackElo "2290"]

1.e4 c5 2.Nf3 Nc6 3.d4 cxd4 4.Nxd4 e6 5.Nc3 Qc7 6.Be2 a6 7.O-O Nf6 8.Kh1 Nxd4
9.Qxd4 Bc5 10.Qd3 h5 11.f4 b5 12.e5 Ng4 13.Bf3 Bb7 14.Bxb7 Qxb7 15.Ne4 Qc6
16.Bd2 h4 17.Nxc5 Qxc5 18.Qf3 Qd5 19.Qxg4 Qxd2 20.Rad1 Qxc2 21.Qxg7 Rf8 22.Qg4 Qxb2
23.Qf3 Rd8 24.Rf2 Qb4 25.Rfd2 Rg8 26.h3 Qc4 27.f5 Rg5 28.Rxd7 Rc8 29.fxe6 Qxe6
30.Qb7  1-0

[Event "Zug"]
[Site "Zug"]
[Date "1987.??.??"]
[Round "5"]
[White "Cuijpers, Frans Andre"]
[Black "Adler, Joel"]
[Result "1/2-1/2"]
[WhiteElo "2410"]
[BlackElo "2290"]

1.e4 c5 2.Nf3 Nc6 3.d4 cxd4 4.Nxd4 e6 5.Nc3 Qc7 6.Be2 a6 7.Be3 Nf6 8.O-O Bb4
9.Na4 O-O 10.c4 Bd6 11.Nf3 b5 12.cxb5 axb5 13.Nc3 Ba6 14.Bxb5 Ng4 15.Qe2 Bxh2+
16.Kh1 Bb7 17.Bc5 Bd6 18.Bxd6 Qxd6 19.Bxc6 Bxc6 20.Rad1 Qc5 21.Nh2 Nxh2 22.Kxh2 f5
23.exf5 Rxf5 24.Qe3 Qb4 25.Kg1 Qxb2 26.Rd2 Qb4 27.Ne2 Ra3 28.Rd3 Rxd3 29.Qxd3 Bb5
30.Qe3 Qb2 31.Nd4 Bxf1 32.Nxf5 Bb5 33.Nd6 Bc6 34.Qf4 h6 35.Qf7+ Kh7 36.Ne8 Qb1+
37.Kh2 Qg6 38.Qxg6+ Kxg6 39.Nd6 Kf6 40.f4 g5 41.g3 g4 42.Kg1 Bd5 43.a4 e5
44.Ne8+ Ke7 45.Nc7 Bc6 46.fxe5 Bxa4 47.Kf2 d6  1/2-1/2

[Event "Zug"]
[Site "Zug"]
[Date "1987.??.??"]
[Round "9"]
[White "Klinger, Josef"]
[Black "Adler, Joel"]
[Result "1-0"]
[WhiteElo "2490"]
[BlackElo "2290"]

1.e4 c5 2.Nf3 Nc6 3.d4 cxd4 4.Nxd4 e6 5.Nc3 Qc7 6.g3 a6 7.Bg2 d6 8.O-O Bd7
9.a4 Nxd4 10.Qxd4 Ne7 11.Be3 Nc6 12.Qc4 Rc8 13.Rad1 Be7 14.f4 O-O 15.Kh1 Rfe8
16.Qd3 Nb4 17.Qe2 d5 18.Qf2 Bc6 19.Bb6 Qb8 20.f5 Bf6 21.fxe6 fxe6 22.Ba5 d4
23.Bxb4 dxc3 24.Bd6 Qa8 25.e5 Bxg2+ 26.Qxg2 Bg5 27.b3 b5 28.axb5 axb5 29.Rf3 Bd2
30.Qe2 Qd5 31.Rf1 h6 32.h4 Ra8 33.Kh2 Ra2 34.R3f2 Rea8 35.Qg4 Be3 36.Rd1 Qxd1
37.Qxd1 Bxf2 38.Qe2 Bb6 39.Kh3 Ba5 40.Qxb5 Rxc2 41.Qb7 Rd8 42.Be7 Rdd2 43.Bf6  1-0

[Event "Duncan Lawrie Women-Men"]
[Site "London"]
[Date "1988.10.26"]
[Round "5"]
[White "Hennigan, Michael"]
[Black "Arkell, Keith C"]
[Result "1-0"]
[WhiteElo "2295"]
[BlackElo "2430"]

1.e4 c5 2.Nf3 e6 3.d4 cxd4 4.Nxd4 Nc6 5.Nc3 a6 6.Be2 Qc7 7.O-O b5 8.Nxc6 Qxc6
9.e5 Bb7 10.Bf3 Qc7 11.Re1 Ne7 12.Bxb7 Qxb7 13.Ne4 Ng6 14.Qh5 Qc7 15.f4 Be7
16.f5 Qxe5 17.Qf3 Nh4 18.Nd6+ Bxd6 19.Qxa8+ Ke7 20.Rxe5 Rxa8 21.f6+ gxf6
22.Rh5 Nf5 23.Rxh7 b4 24.Rh3 Rc8 25.c3 Bc5+ 26.Kf1 d5 27.Bd2 Nd6 28.cxb4 Bd4
29.Rc1 Nc4 30.Bc3 Be3 31.Rd1 Bb6 32.Ke2 Rg8 33.Rg3 Rd8 34.b3 Nd6 35.Rf3 Ne4
36.Bd4 Bxd4 37.Rxd4 Rc8 38.Kd1 f5 39.a4 Kd6 40.h3 Rg8 41.g3 Nxg3 42.b5 axb5
43.Rb4 bxa4 44.bxa4 Ne4 45.Ra3 Kc5 46.Rb5+ Kc4 47.Rb7 Nc3+ 48.Ke1 Ne4 49.a5 Nd6
50.Rb2 Kc5 51.a6 Nc4 52.Rc2 Kb4 53.Raa2 Kb3 54.a7 Ra8 55.h4 e5 56.h5 e4 57.h6 d4
58.h7 d3 59.Rh2 d2+ 60.Raxd2  1-0

[Event "FRG-ch U26"]
[Site "Aachen"]
[Date "1988.??.??"]
[Round "?"]
[White "Heim, Bernhard"]
[Black "Auer, Martin"]
[Result "1-0"]
[WhiteElo "2260"]
[BlackElo "2300"]

1.e4 c5 2.Nf3 e6 3.d4 cxd4 4.Nxd4 Nc6 5.Nc3 a6 6.Be2 Nge7 7.Nb3 b5 8.O-O Ng6
9.f4 Be7 10.Be3 Qc7 11.Qd2 O-O 12.Rad1 d6 13.a4 bxa4 14.Nxa4 Rb8 15.f5 Nge5
16.Bg5 Bxg5 17.Qxg5 f6 18.Qd2 Rd8 19.Kh1 Rb4 20.Nc3 Qb6 21.fxe6 Bxe6 22.Nd5 Bxd5
23.exd5 Nb8 24.Rf4 Rxf4 25.Qxf4 Nbd7 26.Qd4 Rb8 27.Qxb6 Rxb6 28.Kg1 Kf7 29.Ra1 Nb8
30.Ra2 Ned7 31.Kf2 g6 32.Ke3 f5 33.Nd2 Ne5 34.Nc4 Nxc4+ 35.Bxc4 Kf6 36.Kd4 g5
37.c3 h5 38.b4 g4 39.g3 Kg5 40.Bd3 Rb7 41.Rf2 Rf7 42.c4 Nd7 43.c5 Ne5 44.c6 Nf3+
45.Kc3 h4 46.gxh4+ Kxh4 47.Bxa6 f4 48.Rxf3 gxf3 49.Bf1 Re7 50.b5 Re1 51.Bd3 f2
52.Kd2 Re3 53.c7  1-0

[Event "Wch U20"]
[Site "Adelaide"]
[Date "1988.??.??"]
[Round "2"]
[White "Gdanski, Jacek"]
[Black "Wolff, Patrick G"]
[Result "1-0"]
[WhiteElo "2395"]
[BlackElo "2500"]

1.e4 c5 2.Nf3 e6 3.Nc3 Nc6 4.d4 cxd4 5.Nxd4 Qc7 6.g3 a6 7.Bg2 d6 8.O-O Bd7
9.a4 Nf6 10.Nb3 b6 11.Kh1 Be7 12.f4 O-O 13.g4 Bc8 14.g5 Nd7 15.Be3 Re8 16.Qe2 Bb7
17.Rad1 Bf8 18.Rf3 g6 19.Rh3 Ne7 20.Qf2 Bg7 21.Bd4 e5 22.fxe5 dxe5 23.Rf1 Qc4
24.Be3 Qe6 25.Qh4 Nf8 26.Rf6 Qc4 27.Nd2 Qc8 28.Rhf3 Nf5 29.exf5 Bxf3 30.Bxf3 gxf5
31.Bd5 Ra7 32.Nc4 Ng6 33.Qh5 Rd8 34.Nxb6 Qb8 35.Rxf5 Rc7 36.a5 e4 37.Bf4 Nxf4
38.Rxf4 Qa7 39.Nxe4  1-0

[Event "Wch U20"]
[Site "Adelaide"]
[Date "1988.??.??"]
[Round "12"]
[White "Hellers, Ferdinand"]
[Black "Wolff, Patrick G"]
[Result "1-0"]
[WhiteElo "2490"]
[BlackElo "2500"]

1.e4 c5 2.Nf3 e6 3.d4 cxd4 4.Nxd4 Nc6 5.Nc3 Qc7 6.g3 a6 7.Bg2 Nf6 8.O-O Be7
9.Re1 d6 10.Nxc6 bxc6 11.e5 dxe5 12.Rxe5 O-O 13.Re2 Nd5 14.Ne4 Rd8 15.Qe1 a5
16.Bd2 e5 17.Nc3 f6 18.a3 Bg4 19.Re4 Be6 20.Na4 Bf8 21.c4 Ne7 22.Nc5 Bc8
23.Nb3 Rd3 24.Bxa5 Qa7 25.Bc3 Be6 26.Rd1 Rxd1 27.Qxd1 Qa4 28.Qd6 Bf5 29.Nc5 Qa7
30.Re1 Kf7 31.Bb4 Rc8 32.Qd2 Ng6 33.Ne4 c5 34.Bc3 Qa6 35.Qd3 Be6 36.Nd2 Be7
37.Bd5 Rd8 38.Bxe6+ Qxe6 39.Qe2 f5 40.f4 e4 41.Qh5 Kg8 42.Nxe4 Nxf4 43.Qf3 fxe4
44.Qxf4 Qxc4 45.Qxe4 Qxe4 46.Rxe4 Rd1+ 47.Re1 Rd7 48.Kf2 h5 49.Ke2 c4 50.Rd1 Rc7
51.Rd5 g6 52.a4 Kf7 53.Ke3 Rc6 54.a5 Ke6 55.Ke4 Ra6 56.Rb5 Bd6 57.Rg5 Kf7
58.Kd4 Rc6 59.Kd5  1-0

[Event "OHRA"]
[Site "Amsterdam"]
[Date "1988.??.??"]
[Round "?"]
[White "Hort, Vlastimil"]
[Black "Kortschnoj, Viktor"]
[Result "1/2-1/2"]
[WhiteElo "2595"]
[BlackElo "2595"]

1.e4 c5 2.Nf3 e6 3.d4 cxd4 4.Nxd4 Nc6 5.Nc3 d6 6.g3 Nf6 7.Bg2 Bd7 8.O-O Be7
9.b3 O-O 10.Nde2 a6 11.Bb2 b5 12.Qd2 Qb6 13.h3 Ne5 14.Nd4 Rfd8 15.Kh2 b4
16.Nce2 Rac8 17.c4 bxc3 18.Bxc3 Qb8 19.Rac1 Nc6 20.Rfe1 e5 21.Nc2 a5 22.Ne3 Qb5
23.Ba1 Qb4 24.Bc3 Qb5 25.Ba1 Qb4 26.Bc3  1/2-1/2

[Event "Mitropa-Cup"]
[Site "Aosta"]
[Date "1988.??.??"]
[Round "?"]
[White "Ruefenacht, Matthias"]
[Black "Podlesnik, Bogdan"]
[Result "1/2-1/2"]
[WhiteElo "2315"]
[BlackElo "2345"]

1.e4 c5 2.Nc3 e6 3.Nge2 Nc6 4.d4 cxd4 5.Nxd4 Nf6 6.Nxc6 bxc6 7.e5 Nd5 8.Ne4 Qc7
9.f4 Qb6 10.Bd3 Ba6 11.Bxa6 Qxa6 12.Qe2 Qb6 13.a3 f5 14.Nf2 Bc5 15.O-O Be3
16.Bxe3 Nxe3 17.Rfb1 Ng4 18.h3 Nxf2 19.Qxf2 Ke7 20.b3 Rae8 21.Rd1  1/2-1/2

[Event "Augsburg"]
[Site "Augsburg"]
[Date "1988.??.??"]
[Round "?"]
[White "Hertneck, Gerald"]
[Black "Schmittdiel, Eckhard"]
[Result "1/2-1/2"]
[WhiteElo "2435"]
[BlackElo "2425"]

1.e4 c5 2.Nc3 e6 3.Nf3 Nc6 4.d4 cxd4 5.Nxd4 Nf6 6.Ndb5 d6 7.Bf4 e5 8.Bg5 a6
9.Na3 b5 10.Nd5 Be7 11.Bxf6 Bxf6 12.c3 O-O 13.Nc2 Rb8 14.Be2 Bg5 15.O-O Be6
16.Bg4 a5 17.Nce3 Ne7 18.g3 Bxe3 19.Nxe3 Qd7 20.Bxe6 fxe6 21.Qg4 Rbd8 22.Rad1 Rf6
23.Rd2 Qc6 24.Rfd1 Ng6 25.h4 Nf8 26.h5 h6 27.Qe2 Rf7 28.a4 bxa4 29.Qc4 Rc7
30.Qxc6 Rxc6 31.Ra1 Nd7 32.Rxa4 Nc5 33.Rc4 Rdc8 34.Rd1 Kf7 35.Kg2 Ke7 36.Ra1 Nb3
37.Raa4 Rc5 38.f4 exf4 39.gxf4 Rb8 40.f5 Rbb5 41.Kg3 d5 42.exd5 exd5 43.Rxc5 Nxc5
44.Nxd5+ Kd6 45.Rg4 Rxb2 46.Ne3 Rb3 47.Rxg7 Rxc3 48.Kf4 Nd3+ 49.Kf3 Rc6 50.Ra7 Ne5+
51.Ke4 Nd7 52.Kd4 Nf6 53.Nc4+ Rxc4+ 54.Kxc4 Ke5 55.Rxa5+ Kf4 56.Rc5 Nxh5
57.Kb5 Nf6 58.Kc6 h5 59.Ra5 h4 60.Kd6 h3 61.Ke6 h2 62.Ra1 Ng4 63.f6 Nh6 64.f7  1/2-1/2

[Event "Baden-Baden"]
[Site "Baden-Baden"]
[Date "1988.??.??"]
[Round "?"]
[White "Braun, Michael"]
[Black "Ioseliani, Nana"]
[Result "1/2-1/2"]
[WhiteElo "2325"]
[BlackElo "2495"]

1.e4 c5 2.Nf3 e6 3.d4 cxd4 4.Nxd4 Nc6 5.Nc3 a6 6.Nxc6 bxc6 7.Bd3 d6 8.O-O Nf6
9.f4 Be7 10.Kh1 Nd7 11.Na4 Bb7 12.c4 c5 13.Nc3 O-O 14.b3 Qc7 15.Bb2 Bf6 16.Qc2 g6
17.Ne2 Bxb2 18.Qxb2 Rae8 19.Rad1 f5 20.Nc3 Nf6 21.Rde1 Qg7 22.Qd2 Ng4 23.h3 Nf6
24.Kh2 Kh8 25.Bc2 Nh5 26.Ne2 Rd8  1/2-1/2

[Event "Baku"]
[Site "Baku"]
[Date "1988.??.??"]
[Round "?"]
[White "Gallagher, Joseph G"]
[Black "Sideif Sade, Fikret I"]
[Result "0-1"]
[WhiteElo "2445"]
[BlackElo "2395"]

1.e4 c5 2.Nf3 e6 3.d4 cxd4 4.Nxd4 Nc6 5.Nc3 a6 6.f4 Qc7 7.Be2 b5 8.Nxc6 Qxc6
9.Bf3 Bb7 10.e5 Qc7 11.Ne4 Rd8 12.Qe2 Nh6 13.Be3 Nf5 14.Bf2 d5 15.exd6 Bxd6
16.Nxd6+ Rxd6 17.Bxb7 Qxb7 18.O-O Rd5 19.Rad1 O-O 20.Rxd5 Qxd5 21.Rd1 Qc6
22.Qd3 h5 23.b4 Ra8 24.Bc5 a5 25.a3 axb4 26.axb4 Kh7 27.g3 Ra2 28.Qb3 Qa8
29.Qd3 Kh6 30.Qe2 Qa3 31.Rd3 Qc1+ 32.Rd1 Rxc2 33.Rxc1 Rxe2 34.Rd1 h4 35.gxh4 Kh5
36.Rd7 f6 37.Kf1 Rxh2 38.Rb7 Kg4 39.Rxb5 Kf3 40.Ke1 Ne3 41.Bxe3 Kxe3 42.Kd1 Kd3
43.Ke1 Rxh4 44.Rb7 Rxf4 45.b5 Rb4 46.b6 Kd4 47.Rd7+ Kc5 48.b7 Kc6 49.Rxg7 Rxb7
50.Rg6 Rf7 51.Ke2 Kd5 52.Kf3 Ke5 53.Rg1 f5 54.Re1+ Kf6 55.Kf4 Ra7 56.Rb1 e5+
57.Kf3 Ra3+ 58.Kf2 Kg5 59.Rb4 e4 60.Rb5 Kg4 61.Rb8 Rf3+ 62.Kg2 Kf4 63.Rb1 Rg3+
64.Kh2 Rg8 65.Rf1+ Ke5 66.Ra1 e3 67.Ra5+ Ke4 68.Ra1 Kf3  0-1

[Event "Balatonbereny op"]
[Site "Balatonbereny"]
[Date "1988.??.??"]
[Round "3"]
[White "Pirisi, Gabor"]
[Black "Krasenkow, Michal"]
[Result "1/2-1/2"]
[WhiteElo "2350"]
[BlackElo "2460"]

1.e4 c5 2.Nc3 Nc6 3.Nf3 e6 4.d4 cxd4 5.Nxd4 Nf6 6.Nxc6 bxc6 7.e5 Nd5 8.Ne4 Qc7
9.f4 Qb6 10.c4 Bb4+ 11.Ke2 f5 12.Nf2 Ba6 13.Kf3 Ne7 14.Be3 Bc5 15.Bxc5 Qxc5
16.Qd6 Qa5 17.h4 c5 18.Kg3 Rc8 19.Be2 Nc6 20.Bh5+ g6 21.Bf3 Nd4 22.b4 Qa3
23.bxc5 Nxf3 24.gxf3 Bxc4 25.Rhd1 Bb5 26.Rab1 Bc6 27.Rb3 Qxa2 28.Rdd3 Kf7
29.Ra3 Qb1 30.Nh3 Qe1+ 31.Kg2 h6 32.Rxa7 Rhd8 33.Nf2 Ra8 34.Qc7 Ke8 35.Rxa8 Rxa8
36.Rb3 Ra2 37.Rb8+ Kf7 38.Rf8+  1/2-1/2

[Event "Barcelona"]
[Site "Barcelona"]
[Date "1988.??.??"]
[Round "?"]
[White "Vehi Bach, Victor Manuel"]
[Black "Sion Castro, Marcelino"]
[Result "1/2-1/2"]
[WhiteElo "2340"]
[BlackElo "2330"]

1.e4 c5 2.Nf3 Nc6 3.d4 cxd4 4.Nxd4 e6 5.Nc3 Qc7 6.Be2 a6 7.O-O Nf6 8.Kh1 Bb4
9.Bg5 Bxc3 10.Bxf6 gxf6 11.bxc3 Ne7 12.c4 b6 13.f4 Bb7 14.Bd3 Rg8 15.f5 Qc5
16.c3 Qe5 17.Qe1 Rg4 18.Qe2 h5 19.Rae1 Nc8 20.Nf3 Qc5 21.h3 Rg3 22.Kh2 h4
23.Kh1 Nd6 24.Nxh4 O-O-O 25.Rf3 Rg7 26.fxe6 dxe6 27.Rf2 Rh8 28.Nf3 e5 29.Qe3 f5
30.Qxc5+ bxc5 31.Nd2 Rg3 32.Rf3 Rxf3 33.gxf3 fxe4 34.Bxe4 Bxe4 35.Nxe4 Nxe4  1/2-1/2

[Event "Barcelona Vulca"]
[Site "Barcelona"]
[Date "1988.??.??"]
[Round "6"]
[White "Garcia Martinez, Silvino"]
[Black "Cramling, Pia"]
[Result "1/2-1/2"]
[WhiteElo "2405"]
[BlackElo "2435"]

1.e4 c5 2.Nf3 e6 3.d4 cxd4 4.Nxd4 Nc6 5.Nc3 Qc7 6.Be3 a6 7.Bd3 Nf6 8.O-O Ne5
9.h3 b5 10.Qe2 Bb7 11.f4 Nxd3 12.cxd3 Be7 13.Rac1 Qd8 14.Nb3 d6 15.g4  1/2-1/2

[Event "Barcelona Vulca"]
[Site "Barcelona"]
[Date "1988.??.??"]
[Round "6"]
[White "Martin Gonzalez, Angel"]
[Black "Cuadras, Jorge"]
[Result "1-0"]
[WhiteElo "2390"]
[BlackElo "2300"]

1.e4 c5 2.Nf3 e6 3.d4 cxd4 4.Nxd4 Nc6 5.Nc3 Qc7 6.f4 a6 7.Be3 b5 8.Nxc6 Qxc6
9.Be2 Bb7 10.Bf3 Qc7 11.O-O Bc5 12.Bxc5 Qxc5+ 13.Kh1 Ne7 14.e5 Bxf3 15.Rxf3 Nf5
16.Rd3 Qc6 17.Qd2 Rc8 18.a3 Rc7 19.Rd1 Rb7 20.Na2 O-O 21.Nb4 Qb6 22.Rxd7 a5
23.Rxb7 Qxb7 24.Nd3 g5 25.fxg5 Rc8 26.Nf4 Kg7 27.c3 Qe4 28.Nxe6+ Kg6 29.Nf4+ Kg7
30.Re1 Rd8 31.Qf2 Qc4 32.Nh5+ Kg6 33.Nf6 b4 34.g4 Qc6+ 35.Kg1 Ne7 36.Qc2+ Kxg5
37.h4+ Kxh4 38.Qxh7+ Kg5 39.Qh5+ Kf4 40.Qh6+  1-0

[Event "GMA-Open"]
[Site "Belgrade"]
[Date "1988.??.??"]
[Round "?"]
[White "Mencinger, Vojko"]
[Black "Rajkovic, Dusan"]
[Result "0-1"]
[WhiteElo "2385"]
[BlackElo "2495"]

1.e4 c5 2.Nf3 Nc6 3.d4 cxd4 4.Nxd4 e6 5.Nc3 Qc7 6.Be2 a6 7.O-O Nf6 8.Kh1 Be7
9.f4 d6 10.a4 O-O 11.Be3 Re8 12.Qd2 Rb8 13.Rad1 Nxd4 14.Qxd4 e5 15.Qd3 h6
16.f5 Bd7 17.g4 Bc6 18.Bf3 b5 19.axb5 axb5 20.b4 Ra8 21.Ra1 Qb7 22.h3 Rxa1
23.Rxa1 Ra8 24.Rxa8+ Qxa8 25.Nd5 Qa1+ 26.Kg2 Bxd5 27.exd5 Qb1 28.Qd2 Qa2
29.c3 Qb3 30.Qd3 Qa2+ 31.Kg3 Qb2 32.Qd2 Qb1 33.h4 Ne4+ 34.Bxe4 Qxe4 35.Bf2 h5
36.g5 f6 37.Qd1 Qxf5 38.Qxh5 Qf4+ 39.Kg2 Qe4+ 40.Kg1 g6 41.Qd1 fxg5 42.h5 Kg7
43.hxg6 Kxg6 44.Qd2 g4 45.Qa2 Qf3 46.Qa8 Kf5 47.Qg8 Bf6 48.Qe6+ Ke4 49.Qxd6 g3
50.Bc5 Qe2 51.Qxf6 Qh2+ 52.Kf1 g2+ 53.Ke1 g1=Q+ 54.Bxg1 Qxg1+ 55.Kd2 Qg2+
56.Ke1 Qg3+ 57.Ke2 Qd3+ 58.Kf2 Qd2+ 59.Kf1 Qxd5 60.Qg6+ Ke3 61.Qg1+ Kd2 62.Qc5 Qd3+
63.Kg2 e4 64.Qe5 e3 65.Kg1 Qg6+ 66.Kh2 e2 67.Qf4+  0-1

[Event "GMA-Open"]
[Site "Belgrade"]
[Date "1988.??.??"]
[Round "?"]
[White "Anand, Viswanathan"]
[Black "Krnic, Zdenko"]
[Result "1-0"]
[WhiteElo "2555"]
[BlackElo "2430"]

1.e4 c5 2.Nf3 e6 3.d4 cxd4 4.Nxd4 Nc6 5.Nc3 a6 6.Nxc6 bxc6 7.Bd3 d6 8.O-O Nf6
9.f4 e5 10.Qe1 Be7 11.fxe5 dxe5 12.Qg3 Ng4 13.h3 Qd4+ 14.Kh1 h5 15.Nd1 Be6
16.Nf2 h4 17.Qf3 Nxf2+ 18.Rxf2 g5 19.c3 Qd7 20.Be2 a5 21.Be3 a4 22.Rff1 Qb7
23.b3 Rh7 24.Rab1 Kf8 25.Bc4 Qc8 26.Bxe6 Qxe6 27.bxa4 Rxa4 28.Rb8+ Kg7 29.Re8 Rh8
30.Rxe7 Qxe7 31.Bxg5 Qe6 32.Bf6+ Kg8 33.Bxh8 Kxh8 34.Qh5+ Kg7 35.Qg5+ Kf8
36.Rd1 Ra8 37.Qxh4 Re8 38.a4 Kg7 39.a5 Qg6 40.a6 Ra8 41.Rd3 Qh6 42.Rg3+ Kh7
43.Qg4 Kh8 44.Qf5 f6 45.a7 c5 46.Qd7 Qh7 47.Qc6  1-0

[Event "GMA-Open"]
[Site "Belgrade"]
[Date "1988.??.??"]
[Round "?"]
[White "Antic, Dejan"]
[Black "Miladinovic, Igor"]
[Result "1/2-1/2"]
[WhiteElo "2325"]
[BlackElo "2380"]

1.e4 c5 2.Nf3 e6 3.d4 cxd4 4.Nxd4 Nc6 5.Nc3 a6 6.f4 Qc7 7.Be3 d6 8.Qf3 Nf6
9.O-O-O Bd7 10.g4 Nxd4 11.Bxd4 e5 12.fxe5 dxe5 13.Qg3 Bd6 14.Bg1 Bc6 15.Qf3 O-O
16.g5 Nd7 17.h4 Bc5 18.Bxc5 Nxc5 19.h5 Qe7 20.Qe3 Ne6 21.g6 Qg5 22.Qxg5 Nxg5
23.Bc4 Kh8 24.gxf7 Nxf7 25.Rhg1 h6 26.Bd5 Bxd5 27.Rxd5 b5 28.a3 Ng5 29.Rgd1 Rf2
30.Rxe5 Rh2 31.a4 b4 32.Nd5 Rb8 33.Ne7 Rxh5 34.Ra5 Rh2 35.Rxa6 Nxe4 36.a5 b3
37.cxb3 Nc5 38.Rb6 Re8 39.Ng6+ Kh7 40.Rb5  1/2-1/2

[Event "GMA-Open"]
[Site "Belgrade"]
[Date "1988.??.??"]
[Round "?"]
[White "Marinkovic, Ivan"]
[Black "Ivanka Budinsky, Maria"]
[Result "1-0"]
[WhiteElo "2420"]
[BlackElo "2350"]

1.e4 c5 2.Nf3 e6 3.Nc3 Nc6 4.d4 cxd4 5.Nxd4 Qc7 6.g3 a6 7.Bg2 d6 8.O-O Bd7
9.Nxc6 Bxc6 10.a4 b6 11.Re1 Be7 12.Qg4 h5 13.Qe2 Nf6 14.Bg5 O-O 15.Bxf6 Bxf6
16.Qxh5 Rac8 17.Nd1 Qd7 18.a5 b5 19.c3 Qb7 20.Ne3 Bxe4 21.Bxe4 Qxe4 22.Ng4 Qh7
23.Nxf6+ gxf6 24.Qf3 f5 25.Qb7 Ra8 26.Rad1 d5 27.Rd4 Qg6 28.Qe7 Rfe8 29.Qd6 Qf6
30.Rh4 Kg7 31.Rd1 Red8 32.Qb6 Rdb8 33.Qe3 Rd8 34.Rh5 Rac8 35.Rd4 Rc4 36.Rg5+ Kf8
37.Rxc4 bxc4 38.Qc5+ Ke8 39.Rg8+ Kd7 40.Qa7+ Kd6 41.Qxa6+ Ke5 42.Qb6 Rxg8
43.Qd4+ Kd6 44.Qxf6 Ra8 45.h4  1-0

[Event "GMA-Open"]
[Site "Belgrade"]
[Date "1988.??.??"]
[Round "?"]
[White "Liu Wenzhe"]
[Black "Antic, Dejan"]
[Result "1-0"]
[WhiteElo "2395"]
[BlackElo "2325"]

1.e4 c5 2.Nf3 e6 3.d4 cxd4 4.Nxd4 Nc6 5.Nc3 Qc7 6.Be2 a6 7.O-O Nf6 8.Kh1 Be7
9.f4 d6 10.a4 O-O 11.Be3 Re8 12.Qd2 Bd7 13.Nb3 b6 14.Rac1 Bf8 15.e5 dxe5
16.fxe5 Nxe5 17.Bf4 Bc6 18.Qe3 Nfd7 19.Rcd1 f6 20.Qh3 Qb7 21.Nd4 Ra7 22.Rde1 Bd5
23.Nxd5 Qxd5 24.c3 Bc5 25.Nf3 Nd3 26.Ng5 Nf2+ 27.Rxf2 fxg5 28.Be3 Nf6 29.Rff1 Bxe3
30.Qxe3 Qc5 31.Qxc5 bxc5 32.Bc4 Kf7 33.Re5 Kg6 34.Kg1 Rb7 35.b3 Rb6 36.Rxc5 Rd8
37.a5 Rbd6 38.Re5 Nd5 39.g3 Nxc3 40.Bxe6 Kh6 41.Bc4 g6 42.Re7 Nd5 43.Re5 Nc3
44.Rf7 Rd1+ 45.Kg2 R8d2+ 46.Rf2 Rd6 47.h3 Ra1 48.Rc2 Nb5 49.Re7 g4 50.Bg8 gxh3+
51.Kxh3 g5 52.Bxh7 Rh1+ 53.Kg4 Nd4 54.Be4 Rg6 55.Rcc7 Rh4+ 56.gxh4 gxh4+
57.Kxh4  1-0